| 000 | 01269nmc a2200469 a 4500 | ||
|---|---|---|---|
| 003 | AR-BaBNM | ||
| 005 | 20251128211051.0 | ||
| 008 | 232020s2002 ||||||||||||||000 | spa|| | ||
| 020 | _a950-12-6524-2 | ||
| 040 | _cAR-BaBNM | ||
| 245 | 1 | 0 |
_aObservatorio siglo XXI _breflexiones sobre arte, cultura y tecnología |
| 250 | _a1ª ed. | ||
| 260 |
_aBuenos Aires _bPaidós _c2002 |
||
| 300 | 0 | _a256 p. | |
| 490 | 0 |
_aEspacios del saber _v24 |
|
| 600 | 1 | 4 | _aSarlo, Beatriz |
| 600 | 1 | 4 | _aMosterín, Jesús |
| 600 | 1 | 4 | _aTrías, Eugenio |
| 600 | 1 | 4 | _aEcheverría, Javier |
| 600 | 1 | 4 | _aSádaba, Javier |
| 600 | 1 | 4 | _aCasullo, Nicolás |
| 600 | 1 | 4 | _aThiebaut, Carlos |
| 600 | 1 | 4 | _aRabossi, Eduardo |
| 600 | 1 | 4 | _ade Corral, María |
| 600 | 1 | 4 | _aGuariglia, Osvaldo |
| 600 | 1 | 4 | _aWagensberg, Jorge |
| 600 | 1 | 4 | _aSavater, Fernando |
| 650 | 4 | _aARTE | |
| 650 | 4 | _aFILOSOFIA DE LAS CIENCIAS | |
| 650 | 4 | _aCULTURA | |
| 650 | 4 | _aTECNOLOGIA DE LA INFORMACION | |
| 650 | 4 | _aCAMBIO CULTURAL | |
| 650 | 4 | _aSOCIEDAD FUTURA | |
| 650 | 4 | _aBIOETICA | |
| 650 | 4 | _aETICA | |
| 650 | 4 | _aSOCIOLOGIA CULTURAL | |
| 650 | 4 | _aSOCIOLOGIA DEL CAMBIO | |
| 653 | 0 | _aGLOBALIZACION | |
| 700 | 1 |
_aMartinez, José Tono _ecompilador |
|
| 942 | _cBK | ||
| 998 | _calicia | ||
| 999 |
_c18086 _d18086 |
||